[Event "Campeonato Argentino 2013"]
[Site "SchemingMind.com"]
[Date "2012.11.17"]
[Round "-"]
[White "Mariazb"]
[Black "jrsanpedro"]
[Result "1-0"]
[WhiteCountry "ARG"]
[BlackCountry "ARG"]
[WhiteElo "2253"]
[WhiteRD "93"]
[BlackElo "2155"]
[BlackRD "65"]
[GameID "321230"]

1. b3 e5 2. Bb2 Nc6 3. e3 d6 4. Nf3 Nf6 5. d4 exd4 6. Nxd4 Be7 7. Nxc6 bxc6 8. Bd3 O-O 9. O-O Re8 10. Nd2 Ng4
11. Qf3 d5 12. h3 Bf6 13. Bxf6 Nxf6 14. Rfd1 c5 15. c4 Be6 16. Rac1 Qd6 17. cxd5 Bxd5 18. Qe2 Rad8 19. Nf1 Qb6 20. Qc2 Qb7
21. f3 Bxf3 22. gxf3 Qxf3 23. Qg2 Qxg2+ 24. Kxg2 Rd5 25. Bb5 Red8 26. Rxd5
1-0

[Event "Campeonato Argentino 2013"]
[Site "SchemingMind.com"]
[Date "2012.11.17"]
[Round "-"]
[White "jrsanpedro"]
[Black "Mariazb"]
[Result "1-0"]
[WhiteCountry "ARG"]
[BlackCountry "ARG"]
[WhiteElo "2237"]
[WhiteRD "71"]
[BlackElo "2181"]
[BlackRD "108"]
[GameID "321231"]

1. e4 Nc6 2. d4 d5 3. Nc3 e6 4. Nf3 Bb4 5. Bd3 Nf6 6. Bg5 dxe4 7. Bxe4 h6 8. Bxf6 Qxf6 9. O-O O-O 10. Nb5 a6
11. Nxc7 Ra7 12. d5 Ne5 13. dxe6 fxe6 14. c3 Rd8 15. Ne8 Nxf3+ 16. Qxf3 Qxf3 17. Bxf3 Be7 18. Bh5 Kf8 19. Rad1 Rxe8 20. Bxe8
1-0

[Event "Campeonato Argentino 2013"]
[Site "SchemingMind.com"]
[Date "2012.11.17"]
[Round "-"]
[White "Netferatu"]
[Black "Mariazb"]
[Result "1-0"]
[WhiteCountry "ARG"]
[BlackCountry "ARG"]
[WhiteElo "2385"]
[WhiteRD "92"]
[BlackElo "2290"]
[BlackRD "88"]
[GameID "321232"]

1. c4 c5 2. Nf3 Nc6 3. Nc3 g6 4. e3 Bg7 5. d4 d6 6. Be2 Nf6 7. d5 Na5 8. O-O O-O 9. Bd2 e6 10. Qa4 Bd7
11. Qa3 exd5 12. Nxd5 Nc6 13. Bc3 Re8 14. Rfd1 Bf5 15. Bxf6 Bxf6 16. Rd2 Be4 17. Rad1 Bxd5 18. Rxd5 Qe7 19. R5d2 Red8 20. Ne1 Nb4
21. Qb3 Qc7 22. a3 Nc6 23. Nd3 Rab8 24. g3 Ne7 25. Nc1 Be5 26. Na2 Qa5 27. Kg2 Nc8 28. h4 h5 29. Qc2 Ne7 30. Nc3 Bxc3
31. bxc3 Qc7 32. Qe4 Nc6 33. Qf4 Ne5 34. Qf6 Rd7 35. Rxd6 Rxd6 36. Qxd6 Qxd6 37. Rxd6 Re8 38. e4 Nc6 39. Rd7 Re7 40. Rxe7 Nxe7
41. e5 Nc6 42. Kf3 Nxe5+ 43. Ke4 Nd7 44. Kd5 Nf6+ 45. Kxc5 Ne4+ 46. Kd4 Nxf2 47. c5 Ng4 48. Kd5 f5 49. Kd6 Nf2 50. Kc7 Ne4
51. Kxb7 Nxc5+ 52. Kxa7 Kf7 53. Bf3 Ke6 54. Bc6
1-0

[Event "Campeonato Argentino 2013"]
[Site "SchemingMind.com"]
[Date "2012.11.17"]
[Round "-"]
[White "Netferatu"]
[Black "jrsanpedro"]
[Result "1-0"]
[WhiteCountry "ARG"]
[BlackCountry "ARG"]
[WhiteElo "2328"]
[WhiteRD "119"]
[BlackElo "2237"]
[BlackRD "71"]
[GameID "321233"]

1. e4 e5 2. Nf3 Nc6 3. Bc4 Nf6 4. d3 Be7 5. O-O O-O 6. Re1 d6 7. a4 Na5 8. Ba2 c5 9. c3 Nc6 10. Na3 h6
11. Nc4 b6 12. Ne3 Bb7 13. Nf5 Ne8 14. Bxh6 gxh6 15. Nxh6+ Kg7 16. Nf5+ Kg6 17. Re3 a6 18. Nd2 Bg5 19. Rg3 Rh8 20. Nf3 f6
21. N3h4+ Rxh4 22. Nxh4+ Kg7 23. Nf5+ Kf8 24. Rh3
1-0

[Event "Campeonato Argentino 2013"]
[Site "SchemingMind.com"]
[Date "2012.11.17"]
[Round "-"]
[White "Mariazb"]
[Black "Netferatu"]
[Result "1/2-1/2"]
[WhiteCountry "ARG"]
[BlackCountry "ARG"]
[WhiteElo "2268"]
[WhiteRD "94"]
[BlackElo "2384"]
[BlackRD "93"]
[GameID "321234"]

1. b3 d5 2. Bb2 Bg4 3. g3 e6 4. Nf3 Bxf3 5. exf3 Nf6 6. d3 h5 7. h4 d4 8. Nd2 Bb4 9. Bg2 Nc6 10. f4 Nd5
11. O-O Bxd2 12. Qxd2 Qd7 13. Rfe1 O-O-O 14. a4 a5 15. Rac1 Ndb4 16. c3 Na2 17. Rc2 dxc3 18. Bxc3 Nxc3 19. Qxc3 Qxd3 20. Bxc6 Qxc3
21. Rxc3 bxc6 22. Rxc6 Kb7 23. Rc5 Rd5 24. Re5 Rxc5 25. Rxc5 Kb6 26. Rb5+ Ka6 27. f5 c6 28. Re5 exf5 29. Rxf5 f6 30. Kf1 Rb8
31. Rxh5 Rxb3 32. Rh7 Rb7 33. h5 c5 34. Ke2 Kb6 35. Kd3 Kc6 36. Kc3 f5 37. f3 Rc7 38. g4 fxg4=
1/2-1/2

[Event "Campeonato Argentino 2013"]
[Site "SchemingMind.com"]
[Date "2012.11.17"]
[Round "-"]
[White "jrsanpedro"]
[Black "Netferatu"]
[Result "0-1"]
[WhiteCountry "ARG"]
[BlackCountry "ARG"]
[WhiteElo "2155"]
[WhiteRD "65"]
[BlackElo "2371"]
[BlackRD "113"]
[GameID "321235"]

1. e4 d5 2. exd5 Qxd5 3. Nc3 Qa5 4. d4 Nf6 5. Nf3 c6 6. Bc4 Bf5 7. Bd2 e6 8. Nd5 Qd8 9. Nxf6+ Qxf6 10. Qe2 Nd7
11. O-O-O Be7 12. Bg5 Qg6 13. Bxe7 Kxe7 14. g3 Bg4 15. h3 Bxf3 16. Qxf3 Rhd8 17. Bd3 Qf6 18. Qe3 Nb6 19. c3 Nd5 20. Qe2 b5
21. f4 Kf8 22. Rhe1 g6 23. h4 b4 24. c4 Ne7 25. Qe5 Qxe5 26. dxe5= Rd4 27. Re4 Rd7 28. Re2 Rad8 29. Red2 c5 30. g4 Rd4
31. Be2 Nc6 32. b3 Rc8 33. Rxd4= Nxd4 34. Kd2 a5 35. Ke3 a4 36. Rd3 Ra8 37. Bd1 axb3 38. axb3 Ra3 39. Kf2 Ra2+ 40. Kg3= Ke7
41. h5 gxh5 42. gxh5 Nf5+
0-1

[Event "Campeonato Argentino 2013"]
[Site "SchemingMind.com"]
[Date "2012.11.18"]
[Round "-"]
[White "Jorge Anibal DEKMAK"]
[Black "Netferatu"]
[Result "1/2-1/2"]
[WhiteCountry "ARG"]
[BlackCountry "ARG"]
[WhiteElo "2383"]
[WhiteRD "92"]
[BlackElo "2373"]
[BlackRD "106"]
[GameID "321255"]

1. e4 c5 2. Nf3 d6 3. d4 cxd4 4. Nxd4 Nf6 5. Nc3 a6 6. Be2 e5 7. Nb3 Be7 8. O-O O-O 9. Be3 Be6 10. Qd2 b5
11. a4 b4 12. Nd5 Nxe4 13. Nxe7+ Qxe7 14. Qxb4 f5 15. Na5 Rc8 16. Bf3 Nd7 17. Bxe4 fxe4 18. Rad1 Nc5 19. Bxc5 Rxc5 20. c3 Qc7
21. Qb7 Rd8 22. Qxc7 Rxc7 23. Rfe1 Rdd7 24. Rxe4 Rc5 25. b4 Rxc3 26. f4 Rc2 27. b5 axb5 28. axb5 Rb2 29. fxe5 dxe5 30. Rxd7 Bxd7
31. Nc6 Rxb5 32. Nxe5 Bf5 33. Re1 h6 34. h3 Rb3 35. Kf2 g5 36. Re3 Rb2+=
1/2-1/2

[Event "Campeonato Argentino 2013"]
[Site "SchemingMind.com"]
[Date "2012.11.18"]
[Round "-"]
[White "Jorge Anibal DEKMAK"]
[Black "Mariazb"]
[Result "0-1"]
[WhiteCountry "ARG"]
[BlackCountry "ARG"]
[WhiteElo "2285"]
[WhiteRD "83"]
[BlackElo "2290"]
[BlackRD "88"]
[GameID "321256"]

1. e4 c5 2. Nf3 g6 3. d4 Bg7 4. c4 cxd4 5. Nxd4 Nc6 6. Be3 Nf6 7. Nc3 Ng4 8. Qxg4 Nxd4 9. Qd1 Nc6 10. Be2 O-O
11. O-O Bxc3 12. bxc3 d6 13. c5 dxc5 14. Qd5 Qa5 15. Qxc5 Qxc5 16. Bxc5 b6 17. Be3 Be6 18. f4 Na5 19. Bd4 Bc4 20. Kf2 Rac8
21. e5 Bxe2 22. Kxe2 Nc6 23. Rad1 e6 24. Rd3 Ne7 25. g3 Rc4 26. Rb1 Nd5 27. Rb3 Ra4 28. a3 Rc8 29. Kf3 Kg7 30. Bg1 Rac4
31. Bd4 a6 32. Kg2 b5 33. Kf2 h6 34. h3 g5 35. fxg5 hxg5 36. Rf3 Kg6 37. Kf1 Ne7 38. Rb2 Nc6 39. Rd2 Rd8 40. Rdf2 Rd7
41. h4 Nxd4 42. cxd4 Rcxd4 43. Rf6+ Kg7 44. hxg5 Rg4 45. g6 Rxg6 46. R6f3 Rc7 47. Re3 a5 48. Rb3 a4 49. Rbf3 Rg5 50. Re3 Rc1+
51. Kg2 Rc5 52. Rfe2 Rg4 53. Rb2 Rgc4 54. Kh3 Kg6 55. Rb1 Rc3 56. Rxc3 Rxc3 57. Rxb5 Kf5 58. Rb7 Rxa3 59. Rxf7+ Kxe5 60. Ra7 Ra1
61. Ra5+ Kf6 62. Kg4 a3 63. Ra8 a2 64. Ra6 Ke5 65. Kg5 Kd4 66. g4 e5 67. Ra4+ Kc3 68. Kf5 Kb3
0-1

[Event "Campeonato Argentino 2013"]
[Site "SchemingMind.com"]
[Date "2012.11.18"]
[Round "-"]
[White "Netferatu"]
[Black "Jorge Anibal DEKMAK"]
[Result "1-0"]
[WhiteCountry "ARG"]
[BlackCountry "ARG"]
[WhiteElo "2384"]
[WhiteRD "93"]
[BlackElo "2334"]
[BlackRD "82"]
[GameID "321258"]

1. c4 Nf6 2. Nc3 e5 3. Nf3 Nc6 4. g3 Bb4 5. Nd5 Bc5 6. Bg2 O-O 7. O-O d6 8. e3 Re8 9. d4 Bb6 10. Nxb6 axb6
11. d5 Nb4 12. e4 Nxe4 13. Qe1 Nxa2 14. Rxa2 Rxa2 15. Qxe4 Qf6 16. Qb1 Ra4 17. b3 Bf5 18. Qb2 Ra7 19. Nh4 Bd7 20. Be4 Bh3
21. Re1 g5 22. Nf3 h6 23. Qc2 Rea8 24. Bb2 Ra2 25. Nd2 Qg7 26. Qc3 Rf8 27. Bb1 Ra7 28. f3 f5 29. Kh1 b5 30. cxb5 b6
31. Nc4 Re8 32. Rg1 Qf7 33. Qd3 Kf8 34. Nd2 h5 35. f4 e4 36. Qd4 Qg6 37. Qe3 g4 38. Nc4 Rea8 39. Qc3 Ke7 40. Ne3 Rf8
41. Nc2 Kd7 42. Qc6+ Kc8 43. Nd4 h4 44. Ne6 Re8 45. Rc1 Rxe6 46. dxe6 Qxe6 47. Bd4
1-0

[Event "Campeonato Argentino 2013"]
[Site "SchemingMind.com"]
[Date "2012.11.18"]
[Round "-"]
[White "Mariazb"]
[Black "Jorge Anibal DEKMAK"]
[Result "0-1"]
[WhiteCountry "ARG"]
[BlackCountry "ARG"]
[WhiteElo "2181"]
[WhiteRD "108"]
[BlackElo "2307"]
[BlackRD "118"]
[GameID "321259"]

1. b3 e5 2. Bb2 Nc6 3. e3 Nf6 4. Bb5 e4 5. Ne2 a6 6. Bxc6 dxc6 7. O-O Bd6 8. Ng3 O-O 9. Bxf6 Qxf6 10. Nxe4 Qxa1
0-1

[Event "Campeonato Argentino 2013"]
[Site "SchemingMind.com"]
[Date "2012.11.14"]
[Round "-"]
[White "jrsanpedro"]
[Black "Jorge Anibal DEKMAK"]
[Result "1/2-1/2"]
[WhiteCountry "ARG"]
[BlackCountry "ARG"]
[WhiteElo "2236"]
[WhiteRD "74"]
[BlackElo "2276"]
[BlackRD "119"]
[GameID "321260"]

1. d4 Nf6 2. c4 e6 3. Nf3 d5 4. Nc3 c6 5. e3 Nbd7 6. Bd3 dxc4 7. Bxc4 b5 8. Bd3 Bb7 9. e4 b4 10. Na4 c5
11. e5 Nd5 12. O-O cxd4 13. Re1 g6 14. Bg5 Qa5 15. Nxd4 a6 16. a3 bxa3 17. bxa3 Bg7 18. Bd2 Qd8 19. Rb1 Rb8 20. Rxb7 Rxb7
21. Bxa6 Rc7 22. Ba5 Qb8 23. Bxc7 Qxc7 24. Nb5 Qb8 25. Nd6+ Kf8 26. Nc4 Nxe5 27. Nc5 Kg8 28. Qb3 Qxb3 29. Nxb3 Nxc4 30. Bxc4 Nc3
31. Ra1 Bf6 32. a4 Kg7 33. Kf1 Rc8 34. Bd3 Rb8 35. Bc2 Nd5 36. Rc1=
1/2-1/2

[Event "Campeonato Argentino 2013"]
[Site "SchemingMind.com"]
[Date "2012.11.14"]
[Round "-"]
[White "hmvais"]
[Black "Jorge Anibal DEKMAK"]
[Result "0-1"]
[WhiteCountry "ARG"]
[BlackCountry "ARG"]
[WhiteElo "2010"]
[WhiteRD "119"]
[BlackElo "2340"]
[BlackRD "103"]
[GameID "321300"]

1. d4 Nf6 2. Nf3 d5 3. e3 e6 4. Nc3 Be7 5. Bd2 Nbd7 6. Bd3 O-O 7. O-O c5 8. b3 b6 9. Ne5 Bb7 10. Nxd7 Qxd7
11. Bb5 Qd6 12. h3 a6 13. Be2 Rac8 14. a3 Rfd8 15. b4 cxd4 16. exd4 Ne4 17. Nb1 Qc6 18. Bd3 Bf6 19. Be3 e5 20. a4 Qd6
21. dxe5 Bxe5 22. Ra3 d4 23. Bc1 f5 24. b5 a5 25. Qh5 Qd5 26. Qf3 Bd6 27. Ra1 Qf7 28. Re1 Re8 29. Qd1 Qg6 30. g4 Qf6
31. Bxe4 Rxe4 32. Rxe4 fxe4 33. g5 Qe5 34. Kf1 e3 35. Bxe3 dxe3 36. Ra3 Rf8 37. Rxe3 Qxe3
0-1

[Event "Campeonato Argentino 2013"]
[Site "SchemingMind.com"]
[Date "2012.11.18"]
[Round "-"]
[White "hmvais"]
[Black "Netferatu"]
[Result "0-1"]
[WhiteCountry "ARG"]
[BlackCountry "ARG"]
[WhiteElo "1984"]
[WhiteRD "109"]
[BlackElo "2373"]
[BlackRD "106"]
[GameID "321301"]

1. d4 Nf6 2. Nf3 d5 3. e3 e6 4. Bd3 c5 5. dxc5 Bxc5 6. O-O O-O 7. Nc3 Nc6 8. a3 e5 9. b4 Bd6 10. e4 d4
11. Nd5 Nxd5 12. exd5 Ne7 13. Bc4 a5 14. Bd2 Qc7 15. Bb3 a4 16. Ba2 Bg4 17. Re1 Bxf3 18. gxf3 Ng6 19. Kh1 Rfe8 20. Re4 Rac8
21. Rc1 f5 22. Re1 Qe7 23. Rg1 e4 24. fxe4 Qxe4+ 25. f3 Qh4 26. Rg2 Nf4 27. Bxf4 Qxf4 28. Qg1 Qxf3 29. Qxd4 g6 30. Qg1 Re2
31. Bb1 Rc3 32. Qf1 Rxg2 33. Qxg2 Qh5 34. Re1 Rh3 35. Re8+ Kg7 36. Re2 Rxh2+ 37. Qxh2 Bxh2 38. Rxh2 Qd1+ 39. Kg2 Qxd5+ 40. Kg3 Qe5+
41. Kg2 Qe2+ 42. Kg1 Qe1+ 43. Kg2 f4 44. Ba2 Qg3+
0-1

[Event "Campeonato Argentino 2013"]
[Site "SchemingMind.com"]
[Date "2012.11.18"]
[Round "-"]
[White "hmvais"]
[Black "Mariazb"]
[Result "0-1"]
[WhiteCountry "ARG"]
[BlackCountry "ARG"]
[WhiteElo "1984"]
[WhiteRD "109"]
[BlackElo "2276"]
[BlackRD "94"]
[GameID "321302"]

1. c4 c5 2. Nc3 Nf6 3. e4 e6 4. Nf3 Nc6 5. Be2 d5 6. exd5 exd5 7. cxd5 Nxd5 8. O-O Nc7 9. Qa4 Be7 10. Ne5 Bd7
11. Nxd7 Qxd7 12. Bf3 Ne6 13. Nd5 Ncd4 14. Qxd7+ Kxd7 15. Bh5 Kd6 16. Nc3 f5 17. d3 Bg5 18. f4 Bf6 19. Bd2 g6 20. Bd1 Rhe8
21. Rc1 b5 22. a3 a5 23. Kh1 a4 24. Be3 Rab8 25. Re1 Nb3 26. Rc2 Ned4 27. Rf2 Nc1 28. Rd2 Re7 29. Bf2 Rxe1+ 30. Bxe1 Ndb3
31. Bxb3 Bxc3 32. Rc2 Bxb2 33. Rxb2 axb3 34. h4 Nxd3 35. Rd2 c4 36. h5 Re8 37. Bf2 b2 38. Rd1 Kc6 39. Bd4 Nf2+ 40. Bxf2 c3
0-1

[Event "Campeonato Argentino 2013"]
[Site "SchemingMind.com"]
[Date "2012.11.14"]
[Round "-"]
[White "hmvais"]
[Black "jrsanpedro"]
[Result "0-1"]
[WhiteCountry "ARG"]
[BlackCountry "ARG"]
[WhiteElo "2038"]
[WhiteRD "131"]
[BlackElo "2237"]
[BlackRD "71"]
[GameID "321303"]

1. c4 e6 2. Nc3 Nf6 3. Nf3 d5 4. cxd5 exd5 5. e3 c6 6. d4 Bd6 7. Bd3 O-O 8. O-O Re8 9. h3 Nbd7 10. Nd2 Nf8
11. b3 Ne6 12. Nf3 b6 13. Bb2 c5 14. dxc5 bxc5 15. Nb5 Be7 16. Ne5 Bb7 17. Bf5 a6 18. Na3 Bd6 19. Rc1 Ng5 20. Ng4 Nxg4
21. Qxg4 g6 22. Bc2 Bc8 23. Qe2 Nxh3+ 24. gxh3 Qg5+ 25. Kh1 Bxh3 26. f4 Bxf1 27. Rxf1 Qh4+ 28. Qh2 Qxh2+ 29. Kxh2 Rxe3 30. Kg2 Re2+
31. Rf2 Rxf2+ 32. Kxf2 Bxf4 33. Bd3 h5 34. Nc2 a5 35. Bf6 a4 36. b4 c4 37. Be2 Ra6 38. Bd4 Rd6 39. Bf3 f6 40. b5 Kf7
41. Nb4 Be5 42. Bxe5 fxe5
0-1

[Event "Campeonato Argentino 2013"]
[Site "SchemingMind.com"]
[Date "2012.11.16"]
[Round "-"]
[White "Jorge Anibal DEKMAK"]
[Black "hmvais"]
[Result "1-0"]
[WhiteCountry "ARG"]
[BlackCountry "ARG"]
[WhiteElo "2340"]
[WhiteRD "103"]
[BlackElo "2010"]
[BlackRD "119"]
[GameID "321304"]

1. e4 Nc6 2. Nf3 e5 3. Bb5 a6 4. Ba4 b6 5. O-O b5 6. Bb3 Bb7 7. d4 d6 8. Ng5 Nh6 9. c3 exd4 10. cxd4 Be7
11. Qh5 O-O 12. Nf3 Na5 13. Bxh6 gxh6 14. Bc2 Qd7 15. Re1 Rfe8 16. Nbd2 Bf8 17. e5 dxe5 18. Nxe5 Qe6 19. Re3 Bg7 20. Rae1 Qd5
21. Rg3 Kf8 22. Ndf3 Nc4 23. Qg4 Bxe5 24. Nxe5 Rxe5 25. dxe5 Qd2 26. Qg7+ Ke8 27. Rd1 Qf4 28. e6 Ke7 29. exf7 Rf8 30. Re1+ Be4
31. Rxe4+ Qxe4 32. Bxe4 Rxf7 33. Qxh6 Ne5 34. Re3 c5 35. Bd5
1-0

[Event "Campeonato Argentino 2013"]
[Site "SchemingMind.com"]
[Date "2012.11.18"]
[Round "-"]
[White "Netferatu"]
[Black "hmvais"]
[Result "1-0"]
[WhiteCountry "ARG"]
[BlackCountry "ARG"]
[WhiteElo "2371"]
[WhiteRD "113"]
[BlackElo "2010"]
[BlackRD "119"]
[GameID "321305"]

1. e4 e5 2. d4 Nc6 3. Nf3 exd4 4. Nxd4 Nf6 5. Nxc6 bxc6 6. Bd3 Be7 7. e5 Nd5 8. Qg4 g6 9. Bh6 Nb4 10. O-O d5
11. Qf3 Rg8 12. h4 Bxh4 13. Nd2 Bg5 14. Bxg5 Qxg5 15. a3 Nxd3 16. Qxd3 Kf8 17. Qc3 Bd7 18. Rfe1 Rg7 19. Rad1 Qe7 20. Nb3 Kg8
21. Qa5 Qd8 22. Nc5 Bf5 23. Qa4 Qe8 24. Na6 Qd7 25. Nb4 Be6 26. Re3 d4 27. Nxc6 Qe8 28. Rxd4 h6 29. Red3 Kh8 30. Rd8
1-0

[Event "Campeonato Argentino 2013"]
[Site "SchemingMind.com"]
[Date "2012.11.18"]
[Round "-"]
[White "Mariazb"]
[Black "hmvais"]
[Result "1-0"]
[WhiteCountry "ARG"]
[BlackCountry "ARG"]
[WhiteElo "2276"]
[WhiteRD "94"]
[BlackElo "1984"]
[BlackRD "109"]
[GameID "321306"]

1. b3 Nf6 2. Bb2 e6 3. d3 d5 4. Nf3 Bd6 5. Nbd2 O-O 6. c4 Nc6 7. g3 a5 8. Bg2 dxc4 9. Nxc4 Bb4+ 10. Ncd2 Nd5
11. Rc1 a4 12. a3 Bxd2+ 13. Nxd2 axb3 14. O-O f5 15. e3 Qe7 16. Qxb3 Rd8 17. Nc4 f4 18. exf4 Qf7 19. Ne5 Nxe5 20. Bxe5 c6
21. a4 Rf8 22. Rfe1 Ra5 23. Be4 Qh5 24. d4 Nf6 25. Bf3 Qf7 26. Rc5 Ra6 27. Bxf6 Qxf6 28. Rce5 Qg6 29. Be2 Ra8 30. Bh5 Qh6
31. Bg4 Qg6 32. Bxe6+ Bxe6 33. Rxe6 Qf7 34. d5 cxd5 35. Re7 Rae8 36. Qxb7 Rxe7 37. Rxe7 Qf6 38. a5 Rd8 39. a6 Kf8 40. Rc7 Qe6
41. Qb4+
1-0

[Event "Campeonato Argentino 2013"]
[Site "SchemingMind.com"]
[Date "2012.11.14"]
[Round "-"]
[White "jrsanpedro"]
[Black "hmvais"]
[Result "1-0"]
[WhiteCountry "ARG"]
[BlackCountry "ARG"]
[WhiteElo "2237"]
[WhiteRD "71"]
[BlackElo "2038"]
[BlackRD "131"]
[GameID "321307"]

1. d4 d5 2. Nf3 Nf6 3. c4 dxc4 4. e3 b5 5. a4 c6 6. axb5 cxb5 7. Nc3 Qb6 8. b3 e6 9. bxc4 b4 10. c5 Qb7
11. Qa4+ Bd7 12. Nb5 a5 13. Ne5 Be7 14. Bd2 O-O 15. Bxb4 Nc6 16. Nxd7 Qxd7 17. Ba3 Ne4 18. f3 Nf6 19. Nd6 Qc7 20. Bb5 Na7
21. Bc4 Nc6 22. O-O Rfb8 23. Rfc1 Nd5 24. Nb5 Qd8 25. e4 Ndb4 26. Bb2 e5 27. Bxf7+ Kxf7 28. d5 Nd3 29. dxc6 Nxc1 30. Qc4+ Kf6
31. Rxc1 Qd2 32. c7 Rc8 33. Rb1 Qe3+ 34. Kh1 Qxc5 35. Qd5 Qxd5 36. exd5 Bc5 37. Rc1 Bb4 38. f4 Ke7 39. fxe5 a4 40. Bd4 Ra5
41. Na7
1-0

[Event "Campeonato Argentino 2013"]
[Site "SchemingMind.com"]
[Date "2012.11.19"]
[Round "-"]
[White "Oskyrain"]
[Black "Jorge Anibal DEKMAK"]
[Result "1-0"]
[WhiteCountry "ARG"]
[BlackCountry "ARG"]
[WhiteElo "2474"]
[WhiteRD "79"]
[BlackElo "2285"]
[BlackRD "83"]
[GameID "321432"]

1. e4 e5 2. Nf3 Nc6 3. Bb5 a6 4. Ba4 Nf6 5. O-O Be7 6. Re1 b5 7. Bb3 O-O 8. c3 d6 9. h3 Nb8 10. d4 Nbd7
11. Nbd2 Bb7 12. Bc2 Re8 13. Nf1 Bf8 14. Ng3 g6 15. Bg5 h6 16. Bc1 Bg7 17. d5 Qe7 18. b3 Rec8 19. Be3 c6 20. c4 Qd8
21. Qd2 Kh7 22. Rec1 Rab8 23. Rab1 Ba8 24. Bd3 Nc5 25. Bxc5 dxc5 26. h4 b4 27. h5 Qd6 28. Be2 Bb7 29. Ne1 Rf8 30. Nd3 Rfd8
31. Qe3 Nd7 32. Bg4 Nf6 33. Bh3 cxd5 34. exd5 Bxd5 35. cxd5 Nxd5 36. Qf3 Nc3 37. Qxf7 Qxd3 38. Nf5 Rd7 39. Qxg6+ Kh8 40. Rb2 Rc7
41. Re1 Rg8 42. Qe6 Ne4 43. Nxg7 Rcxg7 44. Qxh6+ Rh7 45. Qe6 Rhg7 46. Bg4 Qd4 47. Rc2 Ng5 48. Qh6+ Nh7 49. Rc4 Qd8 50. Bf3 Qf8
51. Qe3 Nf6 52. Qxe5 Rg5 53. Qe6 Nh7 54. Bd5 Qc8 55. Qe2 Rf8 56. Qb2+ Nf6 57. Re6 Qd8 58. Bf3 Rf5 59. Qc1 Rg8 60. Rf4 Rgg5
61. g4 Rxf4 62. Qxf4 Ng8 63. Kg2
1-0

[Event "Campeonato Argentino 2013"]
[Site "SchemingMind.com"]
[Date "2012.11.19"]
[Round "-"]
[White "Oskyrain"]
[Black "Netferatu"]
[Result "1-0"]
[WhiteCountry "ARG"]
[BlackCountry "ARG"]
[WhiteElo "2443"]
[WhiteRD "82"]
[BlackElo "2384"]
[BlackRD "93"]
[GameID "321433"]

1. e4 c5 2. Nf3 d6 3. d4 cxd4 4. Nxd4 Nf6 5. Nc3 a6 6. Be3 b5 7. f3 e5 8. Nb3 Be6 9. a4 b4 10. Nd5 Bxd5
11. exd5 Nbd7 12. a5 Be7 13. Ra4 Qb8 14. Qd2 Qb7 15. Bc4 Rb8 16. Qd3 O-O 17. Bxa6 Qxd5 18. Qxd5 Nxd5 19. Bd2 Nc7 20. Bd3 d5
21. Kf2 f5 22. Rd1 Nc5 23. Nxc5 Bxc5+ 24. Kf1 Rf7 25. a6 g6 26. c3 bxc3 27. Bxc3 Re7 28. Rc1 e4 29. Bb1 Be3 30. Rd1 exf3
31. gxf3 Re6 32. Ba2 Kf8 33. a7 Ra8 34. Rxd5 Nxd5 35. Bxd5 Ree8 36. Bb4+ Kg7 37. Bc3+ Kf8 38. Bxa8 Rxa8 39. Ra3 Bc5 40. Ra5 Bb6
41. Rb5 Bxa7 42. Ra5
1-0

[Event "Campeonato Argentino 2013"]
[Site "SchemingMind.com"]
[Date "2012.11.20"]
[Round "-"]
[White "Oskyrain"]
[Black "Mariazb"]
[Result "1-0"]
[WhiteCountry "ARG"]
[BlackCountry "ARG"]
[WhiteElo "2443"]
[WhiteRD "82"]
[BlackElo "2268"]
[BlackRD "94"]
[GameID "321434"]

1. e4 e5 2. Nf3 Nc6 3. Bc4 Nf6 4. d3 Bc5 5. c3 d6 6. O-O O-O 7. b4 Bb6 8. a4 a6 9. Nbd2 Ne7 10. Bb3 h6
11. Nc4 Ba7 12. Be3 Bxe3 13. Nxe3 a5 14. b5 Ng6 15. Re1 c6 16. d4 cxb5 17. axb5 Bd7 18. Qb1 b6 19. g3 Bxb5 20. Bd5 Nxd5
21. Nxd5 Bc6 22. Qxb6 Bxd5 23. Qxd8 Rfxd8 24. exd5 f6 25. Ra4 Rdb8 26. dxe5 Nxe5 27. Nd4 Rb2 28. Rea1 Ng4 29. Rf1 Ne5 30. Nf5 Rd2
31. c4 Ra6 32. f4 Nd3 33. Rfa1 Rb6 34. R4a2 Rxa2 35. Rxa2 Rb1+ 36. Kg2 Rb2+ 37. Rxb2
1-0

[Event "Campeonato Argentino 2013"]
[Site "SchemingMind.com"]
[Date "2012.11.19"]
[Round "-"]
[White "Oskyrain"]
[Black "jrsanpedro"]
[Result "1-0"]
[WhiteCountry "ARG"]
[BlackCountry "ARG"]
[WhiteElo "2411"]
[WhiteRD "97"]
[BlackElo "2155"]
[BlackRD "65"]
[GameID "321435"]

1. e4 e5 2. Nf3 Nf6 3. d4 Nxe4 4. Bd3 d5 5. Nxe5 Nd7 6. Qe2 Nxe5 7. Bxe4 dxe4 8. Qxe4 Be6 9. Qxe5 Qd7 10. O-O O-O-O
11. Be3 Bb4 12. c3 f6 13. Qg3 Be7 14. Nd2 h5 15. f3 g5 16. c4 f5 17. Qe5 Bd6 18. Qa5 Bf4 19. Bxf4 Qxd4+ 20. Rf2 gxf4
21. Re1 Rh6 22. Nb3 Qb6 23. Qc3 Bf7 24. c5 Qf6 25. Qxf6 Rxf6 26. Nc1 Re6= 27. Rxe6 Bxe6 28. Rc2 a5 29. Kf2 a4 30. Ke1 h4
31. a3 Rg8 32. Nd3 Bb3 33. Rf2 Kd7 34. Nxf4 Kc6 35. Re2 Kxc5 36. Re5+ Kd4 37. Re7 b5 38. Kd2 c5 39. Rh7 h3 40. Rxh3 Rd8
41. Rh4 Kc4+ 42. Nd3+ Kd5 43. Kc3 Bc4 44. h3 Re8 45. Kd2
1-0

[Event "Campeonato Argentino 2013"]
[Site "SchemingMind.com"]
[Date "2012.11.19"]
[Round "-"]
[White "Oskyrain"]
[Black "hmvais"]
[Result "1-0"]
[WhiteCountry "ARG"]
[BlackCountry "ARG"]
[WhiteElo "2417"]
[WhiteRD "93"]
[BlackElo "1984"]
[BlackRD "109"]
[GameID "321436"]

1. e4 e5 2. Nf3 Nf6 3. Nxe5 Nxe4 4. d4 d6 5. Nf3 Be7 6. Bd3 d5 7. O-O O-O 8. c4 Be6 9. Re1 f5 10. Nc3 dxc4
11. Nxe4 cxd3 12. Nc3 Bf7 13. Qxd3 Nc6 14. Bf4 Bd6 15. Qd2 Bxf4 16. Qxf4 Nb4 17. Qd2 Qf6 18. a3 Nd5 19. Re5 Ne7 20. Qd3 c6
21. Rae1 Rfe8 22. h3 Rad8 23. Ne2 Bd5 24. Nf4 Bxf3 25. Qxf3 Rd7 26. Qb3+ Qf7 27. Qe3 g6 28. Re6 g5 29. Nd3 Qg7 30. Re5 Rd5
31. Rxe7 Rxe7 32. Qxe7 Qxe7 33. Rxe7 Rxd4 34. Ne5 Re4 35. b4 f4 36. Nxc6 Rxe7 37. Nxe7+ Kf8 38. Nc8 a6 39. a4 b5 40. a5 h6
41. Na7 Ke8 42. Nc6 Kd7 43. Nb8+ Ke6 44. Nxa6 Kd5 45. Nc5 Kc6 46. Ne6 Kb7 47. h4 Kc6 48. hxg5 hxg5 49. Nxg5
1-0

[Event "Campeonato Argentino 2013"]
[Site "SchemingMind.com"]
[Date "2012.11.20"]
[Round "-"]
[White "Jorge Anibal DEKMAK"]
[Black "Oskyrain"]
[Result "0-1"]
[WhiteCountry "ARG"]
[BlackCountry "ARG"]
[WhiteElo "2334"]
[WhiteRD "82"]
[BlackElo "2443"]
[BlackRD "82"]
[GameID "321437"]

1. e4 c5 2. Nf3 d6 3. d4 cxd4 4. Nxd4 Nf6 5. Nc3 a6 6. Be2 e5 7. Nb3 Be7 8. O-O O-O 9. Be3 Be6 10. f4 exf4
11. Bxf4 Nc6 12. Kh1 d5 13. e5 Ne4 14. Bd3 Nc5 15. Nxc5 Bxc5 16. Qh5 g6 17. Qf3 Bd4 18. Qg3 Qc7 19. Rae1 Nb4 20. a3 Nxd3
21. cxd3 Rfe8 22. Rc1 Qb6 23. Rb1 Rac8 24. Bg5 Qb3 25. Bf6 Bc5 26. Qf4 Bf8 27. d4 Rc4 28. Qe3 Rec8 29. Bg5 Qb6 30. Rfd1 h6
31. Bf6 a5 32. Kg1 a4 33. h3 Qb3 34. g4 g5 35. Qe2 b5 36. Kg2 b4 37. axb4 a3 38. Rdc1 a2 39. Ra1 Rxb4 40. Rxa2 Rxd4
41. Ra6 Rf4 42. Rxe6 fxe6 43. Qd3 Rc7 44. Qg6+ Bg7 45. Bxg7 Rxg7 46. Qc2 Qb7 47. Re1 Kh8 48. Re2 Rgf7
0-1